LEADER 01143cam0-22003731i-450- 001 990007843400403321 005 20050712102833.0 010 $a88-464-1643-0 035 $a000784340 035 $aFED01000784340 035 $a(Aleph)000784340FED01 035 $a000784340 100 $a20031210d1999----km-y0itay50------ba 101 1 $aita 102 $aIT 200 1 $aTecnologia e cultura virtuale$fa cura di Mike Featherstone e Roger Burrows$gpresentazione di Peppino Ortoleva 210 $aMilano$cF. Angeli$d1999 215 $a202 p.$d22 cm 225 1 $aProdurre cultura, creare comunicazione$v3 300 $aTrad. di Lucia Ruggerone 510 1 $aCyberspace, cyberbodies, cyberpunk 610 0 $aCibernetica$aDiffusione$aAspetti sociali 610 0 $aRealtà virtuale 676 $a303.4834 702 1$aBurrows,$bRoger 702 1$aFeatherstone,$bMike 702 1$aOrtoleva,$bPeppino$f<1948- > 801 0$aIT$bUNINA$gRICA$2UNIMARC 901 $aBK 912 $a990007843400403321 952 $aCollez. 2050 (3)$b40234$fFSPBC 959 $aFSPBC 996 $aTecnologia e cultura virtuale$9671766 997 $aUNINA LEADER 00986cam0-22003371i-450- 001 990005333210403321 005 20111111083957.0 035 $a000533321 035 $aFED01000533321 035 $a(Aleph)000533321FED01 035 $a000533321 100 $a19990604d1922----km-y0itay50------ba 101 0 $aita 102 $aIT 105 $af-------001yy 200 1 $aManuale elementare di numismatica$fAmbrosoli, Gnecchi 205 $a6. ed.$fcompletamente rifusa da Francesco Gnecchi 210 $aMilano$cUlrico Hoepli$d1922 215 $aXV, 232 p., 40 tav. in eliotipia$d15 cm 225 1 $aManuali Hoepli 610 0 $aNumismatica 676 $a737.4$v21$zita 700 1$aAmbrosoli,$bSolone$0397890 701 1$aGnecchi,$bFrancesco$098423 801 0$aIT$bUNINA$gRICA$2UNIMARC 901 $aBK 912 $a990005333210403321 952 $a737.4 AMB 2$bARCH. 13684$fFLFBC 959 $aFLFBC 996 $aManuale elementare di numismatica$9599528 997 $aUNINA LEADER 00868cam0-22003251i-450- 001 990000783030403321 005 20050114111751.0 035 $a000078303 035 $aFED01000078303 035 $a(Aleph)000078303FED01 035 $a000078303 100 $a20020821d1990----km-u0itay50------ba 101 0 $aita 102 $aIT 105 $aa-------101yy 200 1 $aAbitare il tempo$fEnte Autonomo Fiere di Verona 210 $aFirenze$cAlinea$dc1990 215 $a5 v.$cill.$d24 cm 300 $aCatalogo della 5 edizione della mostra 610 0 $aArredamento 610 0 $aAbitare il tempo 676 $a747 710 02$aFiere di Verona$038751 801 0$aIT$bUNINA$gRICA$2UNIMARC 901 $aBK 912 $a990000783030403321 952 $aARR B 81/1-5$b2495/327$fFARBC 959 $aFARBC 996 $aAbitare il tempo$9350739 997 $aUNINA